000 00668 a2200205 4500
999 _c4834
_d4834
005 20181009151034.0
010 _aENG-86619
020 _a8177097431
_c210.00
035 _aEN-70152
037 _bDBAD / PUB
082 _a300.72
100 _aArun Kumar Singh
245 _aTests, measurements and research methods in behavioural sciences/
_cby Arun Kumar Singh
250 _a5th ed
260 _aNew Delhi
_bBharati Bhawan
_c2006
270 _a4271/3, Ansari Road, Daryaganj,
_bNew Delhi
_e110 002
300 _axvi, 616 p
_c24 cm (Pbk)
500 _aIncludes bibliographical references, glossary and index
942 _adpl
_cEN
_2ddc
_h300.72
_mARU